[Event "9. Lichtenberger Sommer 2010"]
[Site "Berlin"]
[Date "2010.08.13"]
[Round "7.70"]
[White "Becker, Uwe"]
[Black "Casny, Guenter"]
[Result "1-0"]
[WhiteElo "1801"]
[BlackElo "1889"]
[PlyCount "96"]
[EventDate "2010.??.??"]
[WhiteTeam "SV Glück auf Rüdersdorf e.V."]
[BlackTeam "SC Rochade e.V."]

1. Nf3 c5 2. e3 Nc6 3. d4 cxd4 4. exd4 Nf6 5. c3 d5 6. Be2 g6 7. Bg5 Bg7 8. Qd2
Ne4 9. Qe3 Nxg5 10. Qxg5 Qb6 11. Qc1 Bd7 12. O-O Rc8 13. Qd2 O-O 14. Bd3 e5 15.
dxe5 Nxe5 16. Nxe5 Bxe5 17. Na3 a6 18. Rab1 Be6 19. Rfe1 Qd6 20. h3 Bf4 21. Qe2
Rfe8 22. Qd1 Rc7 23. Nc2 Rce7 24. Kf1 b5 25. Be2 Bh6 26. Kg1 Bf5 27. g4 Bc8 28.
Nd4 Bb7 29. Qd3 Re4 30. Rbd1 Bg7 31. Kg2 b4 32. Rd2 bxc3 33. bxc3 Qa3 34. Qc2
Qe7 35. Qd3 Bh6 36. Rc2 Bf4 37. Rb1 Bd6 38. Rcb2 Ba8 39. Qxa6 Rf4 40. Bd3 h5
41. Re2 Be5 42. Bxg6 fxg6 43. Qxg6+ Kf8 44. Qh6+ Kg8 45. Rb6 Re4 46. Rg6+ Bg7
47. Nf5 Rxe2 48. Rxg7+ Kf8 1-0

[Event "9. Lichtenberger Sommer 2010"]
[Site "Berlin"]
[Date "2010.08.13"]
[Round "7.71"]
[White "Kohlmeyer, Dagobert"]
[Black "Stiewe, Frank"]
[Result "1-0"]
[WhiteElo "1888"]
[BlackElo "1379"]
[PlyCount "129"]
[EventDate "2010.??.??"]
[WhiteTeam "SC Rochade e.V."]
[BlackTeam "vereinslos"]

1. e4 e5 2. Nf3 Nc6 3. Bb5 Nge7 4. O-O d6 5. d4 Bd7 6. Bc4 h6 7. Nc3 Ng6 8. a4
Nce7 9. dxe5 dxe5 10. Qe2 Qc8 11. Be3 Nc6 12. Rfd1 Bd6 13. Nb5 Bb4 14. c3 Be7
15. b4 O-O 16. Qd2 Bg4 17. Be2 a6 18. Na3 Qe6 19. Qe1 Nh4 20. Nxh4 Bxe2 21.
Qxe2 Bxh4 22. Qc4 Qe8 23. Bc5 Be7 24. Bxe7 Qxe7 25. Nc2 Rad8 26. Ne3 Rxd1+ 27.
Rxd1 Rd8 28. Nd5 Kf8 29. Rd3 Qe6 30. h3 Kg8 31. b5 Rd6 32. bxc6 bxc6 33. Qxa6
cxd5 34. Qa8+ Kh7 35. Rxd5 Ra6 36. Qd8 Rxa4 37. Qd7 Qxd7 38. Rxd7 Rc4 39. Rxf7
Rxc3 40. Rf5 Rc5 41. f3 c6 42. Kf2 g6 43. Rf7+ Kg8 44. Rd7 Rc2+ 45. Kg3 c5 46.
Rd5 c4 47. Rxe5 Kf7 48. h4 c3 49. Rc5 Rc1 50. f4 Rc2 51. Rc6 Rc1 52. Kg4 c2 53.
g3 Re1 54. Rc7+ Ke6 55. Rxc2 Rxe4 56. h5 Kf6 57. Rc6+ Kg7 58. Rxg6+ Kh7 59. Kf5
Ra4 60. Re6 Ra5+ 61. Re5 Ra7 62. g4 Rf7+ 63. Ke4 Kg7 64. g5 Kh7 65. g6+ 1-0

[Event "9. Lichtenberger Sommer 2010"]
[Site "Berlin"]
[Date "2010.08.13"]
[Round "7.72"]
[White "Scheck, Gero"]
[Black "Koischwitz, Wanja"]
[Result "0-1"]
[WhiteElo "1267"]
[BlackElo "1773"]
[PlyCount "78"]
[EventDate "2010.??.??"]
[WhiteTeam "TSG Oberschöneweide e.V."]
[BlackTeam "Queer-Springer SSV Berlin"]

1. Nc3 Nf6 2. Nf3 d5 3. d4 Bf5 4. e3 e6 5. Bd3 Bxd3 6. Qxd3 c6 7. O-O Bd6 8.
Re1 O-O 9. e4 dxe4 10. Nxe4 Nxe4 11. Rxe4 Nd7 12. Rh4 g6 13. Qe3 Be7 14. Rh3
Re8 15. Qh6 Nf8 16. Bg5 Qb6 17. Rb1 c5 18. Bxe7 Rxe7 19. Ng5 f6 20. Nf3 cxd4
21. Rh4 Rd8 22. Qd2 e5 23. c3 dxc3 24. Qxc3 Rc7 25. Qb3+ Qxb3 26. axb3 Rc2 27.
Rc4 Rxb2 28. Rcc1 Rxb1 29. Rxb1 Ne6 30. Kf1 Nc5 31. Ke2 a5 32. Nd2 b5 33. Ra1
Rxd2+ 34. Kxd2 Nxb3+ 35. Kc2 Nxa1+ 36. Kb2 Kf7 37. Kxa1 Ke6 38. Kb2 Kd5 39. Kc2
Kd4 0-1

[Event "9. Lichtenberger Sommer 2010"]
[Site "Berlin"]
[Date "2010.08.13"]
[Round "7.73"]
[White "Strehlow, Horst"]
[Black "Reichert, Lutz"]
[Result "1-0"]
[WhiteElo "2101"]
[BlackElo "1778"]
[PlyCount "75"]
[EventDate "2010.??.??"]
[WhiteTeam "SC Friesen Lichtenberg e.V."]
[BlackTeam "Schwarz-Weiß Neukölln e.V."]

1. e4 d6 2. d4 Nf6 3. Nc3 e5 4. Nf3 exd4 5. Nxd4 g6 6. Be2 Bg7 7. h4 a6 8. h5
O-O 9. hxg6 fxg6 10. Bh6 Qe7 11. Bxg7 Qxg7 12. Qd2 Nc6 13. Nxc6 bxc6 14. O-O-O
Bg4 15. f3 Be6 16. g4 Rab8 17. Qh6 Rb6 18. Qxg7+ Kxg7 19. b3 a5 20. a4 Rfb8 21.
Rh3 h5 22. Rg3 hxg4 23. fxg4 Rh8 24. Bf3 Rh4 25. Rdg1 Rb4 26. Kd2 d5 27. exd5
cxd5 28. g5 Ne4+ 29. Nxe4 dxe4 30. Bd1 Bf5 31. Rc3 Rd4+ 32. Kc1 Rd7 33. Rc5 Rh2
34. Rxa5 Rdd2 35. Rc5 e3 36. Rxc7+ Kf8 37. Rg3 Bg4 38. Bxg4 1-0

[Event "9. Lichtenberger Sommer 2010"]
[Site "Berlin"]
[Date "2010.08.13"]
[Round "7.74"]
[White "Mühlhan, Klaus"]
[Black "von Löhneysen, Leonard"]
[Result "1-0"]
[WhiteElo "1932"]
[BlackElo "2054"]
[PlyCount "155"]
[EventDate "2010.??.??"]
[WhiteTeam "SC Empor Potsdam 1952 e.V."]
[BlackTeam "SK Zehlendorf e.V."]

1. e4 c5 2. d4 cxd4 3. c3 Nf6 4. Bd3 d5 5. e5 Ne4 6. Nf3 dxc3 7. Bxe4 cxb2 8.
Bxb2 dxe4 9. Qxd8+ Kxd8 10. Ng5 Ke8 11. O-O Bf5 12. Nc3 e6 13. Nb5 Na6 14. Rfe1
Bb4 15. Re2 e3 16. Rxe3 h6 17. Ne4 Bxe4 18. Rxe4 Ke7 19. Rc4 Rhd8 20. a3 Bc5
21. Bd4 Bxd4 22. Nxd4 Rac8 23. Rxc8 Rxc8 24. Nb5 Rc5 25. Nxa7 Rxe5 26. Nc8+ Kd7
27. Nb6+ Kc6 28. Nc4 Rc5 29. Ne3 Rc3 30. Kf1 Nc5 31. a4 Rb3 32. Nc4 Kd5 33.
Ne3+ Kd4 34. Rd1+ Rd3 35. Rc1 Rc3 36. Rd1+ Rd3 37. Rc1 Rc3 38. Rb1 f5 39. Rb4+
Kd3 40. g3 Rc1+ 41. Kg2 g5 42. h3 Rc3 43. Rb5 f4 44. gxf4 gxf4 45. Ng4 h5 46.
Nf6 h4 47. Kf3 e5 48. Kg4 Rc4 49. Kxh4 f3+ 50. Kg3 e4 51. Ng4 Rc1 52. h4 Rg1+
53. Kh3 Ne6 54. Ne3 Nf4+ 55. Kh2 Rg7 56. Rg5 Rxg5 57. hxg5 Ke2 58. Kg3 Nh5+ 59.
Kh4 Nf4 60. Ng4 Ng2+ 61. Kg3 e3 62. g6 exf2 63. Nxf2 Ne3 64. Nh3 Nf5+ 65. Kg4
Ng7 66. Ng1+ Kf2 67. Nxf3 Ke2 68. Ne5 Kd2 69. Nc4+ Kc3 70. Nd6 Kb4 71. Nxb7
Kxa4 72. Kg5 Kb5 73. Nd6+ Kc6 74. Nf5 Nh5 75. Ng3 Ng7 76. Kf6 Ne8+ 77. Ke7 Ng7
78. Kf7 1-0

[Event "9. Lichtenberger Sommer 2010"]
[Site "Berlin"]
[Date "2010.08.13"]
[Round "7.75"]
[White "Mildenberger, Hans"]
[Black "Krebs, Alexander"]
[Result "1/2-1/2"]
[WhiteElo "1625"]
[BlackElo "1884"]
[PlyCount "37"]
[EventDate "2010.??.??"]
[WhiteTeam "BVG Helmholz"]
[BlackTeam "Ueberstorf"]

1. d4 Nf6 2. c4 g6 3. Nc3 Bg7 4. e4 O-O 5. f3 d6 6. Bg5 Nbd7 7. Qd2 c5 8. d5
Re8 9. Nh3 Nf8 10. Nf2 a6 11. Bd3 e5 12. h3 Qc7 13. g4 N6d7 14. h4 f6 15. Bh6
Nb6 16. O-O-O Qf7 17. Bxg7 Qxg7 18. h5 g5 19. h6 1/2-1/2

[Event "9. Lichtenberger Sommer 2010"]
[Site "Berlin"]
[Date "2010.08.13"]
[Round "7.76"]
[White "Heldt, Ronny"]
[Black "Nagel, Gerhard"]
[Result "0-1"]
[WhiteElo "1611"]
[BlackElo "1975"]
[PlyCount "110"]
[EventDate "2010.??.??"]
[WhiteTeam "SC Kreuzberg e.V."]
[BlackTeam "SC Einheit Bautzen"]

1. d4 d5 2. c4 c6 3. Nc3 Nf6 4. e3 Bf5 5. Nf3 e6 6. Nh4 Be4 7. f3 Bg6 8. Qb3
Qb6 9. Nxg6 Qxb3 10. axb3 hxg6 11. Bd3 Bd6 12. g3 Bxg3+ 13. Kf1 Rxh2 14. Rxh2
Bxh2 15. f4 Bg3 16. Bd2 Bh4 17. Kg2 Nh5 18. cxd5 exd5 19. Rh1 Be7 20. f5 Nf6
21. fxg6 Nbd7 22. Be1 Nf8 23. Rh8 Rd8 24. Bg3 fxg6 25. Bxg6+ Kd7 26. Bf5+ Ne6
27. Rh1 Bd6 28. Bh4 Ke7 29. Ne2 Kf7 30. Ng1 Rh8 31. Nf3 g6 32. Bd3 Nh5 33. Ng5+
Nxg5 34. Bxg5 Kg7 35. Rf1 Rf8 36. Ra1 a6 37. Rh1 Rf7 38. Rh3 Be7 39. Bxe7 Rxe7
40. Kf3 Nf6 41. Rh4 g5 42. Rh1 Ne4 43. b4 g4+ 44. Kg2 Kg6 45. Rd1 Kg5 46. Re1
Nd6 47. Re2 Rf7 48. e4 dxe4 49. Bxe4 Re7 50. Bd3 Rxe2+ 51. Bxe2 Kf4 52. b3 Nf5
53. Bd3 Nxd4 54. Bc4 Nc2 55. b5 Ne3+ 0-1

[Event "9. Lichtenberger Sommer 2010"]
[Site "Berlin"]
[Date "2010.08.13"]
[Round "7.77"]
[White "Albinus, Günter"]
[Black "Schild, Reinhard"]
[Result "1/2-1/2"]
[WhiteElo "1847"]
[BlackElo "1696"]
[PlyCount "53"]
[EventDate "2010.??.??"]
[WhiteTeam "SG Weißensee 49 e.V."]
[BlackTeam "SG Weißensee 49 e.V."]

1. e4 c6 2. d4 d5 3. Nc3 dxe4 4. Nxe4 Bf5 5. Ng3 Bg6 6. Nf3 Nd7 7. h4 h6 8. h5
Bh7 9. Bd3 Bxd3 10. Qxd3 e6 11. Bd2 Qc7 12. O-O-O Ngf6 13. Rhe1 O-O-O 14. Qb3
Bd6 15. Ne4 Nxe4 16. Rxe4 Rhe8 17. Rde1 Nb6 18. Rh4 Nd7 19. Qa4 Kb8 20. Ba5 b6
21. Bc3 Kb7 22. Ne5 Nxe5 23. dxe5 Bc5 24. Qf4 Be7 25. Rg4 Bg5 26. Rxg5 hxg5 27.
Qxg5 1/2-1/2

[Event "9. Lichtenberger Sommer 2010"]
[Site "Berlin"]
[Date "2010.08.13"]
[Round "7.78"]
[White "Lieder, Günter"]
[Black "Winz, Michael"]
[Result "1-0"]
[WhiteElo "1868"]
[BlackElo "1697"]
[PlyCount "89"]
[EventDate "2010.??.??"]
[WhiteTeam "SK Turm Bad Hersfeld"]
[BlackTeam "SC Friesen Lichtenberg e.V."]

1. e4 e5 2. Nf3 Nc6 3. Bc4 Nf6 4. d3 Be7 5. c3 d6 6. O-O Bg4 7. b4 O-O 8. h3
Bh5 9. Nbd2 a6 10. Re1 b5 11. Bb3 a5 12. bxa5 Nxa5 13. Bb2 c5 14. g4 Bg6 15.
Bc2 h6 16. Nf1 Nh7 17. Ne3 Ng5 18. Nxg5 Bxg5 19. Nd5 Nc6 20. Qf3 Ne7 21. Bb3
Nxd5 22. Bxd5 Ra7 23. Rab1 Kh7 24. Bc1 Bxc1 25. Rexc1 Ra5 26. Rc2 f6 27. Bc6
Be8 28. Bxe8 Qxe8 29. Rcb2 Qf7 30. Rxb5 Rxb5 31. Rxb5 Qxa2 32. Qf5+ Kh8 33. Qd7
Qf7 34. Qxd6 Ra8 35. Qxc5 h5 36. Kg2 hxg4 37. hxg4 Qg6 38. Kg3 Qg5 39. Qe3 Qg6
40. Rb1 Qf7 41. Qf3 Qa2 42. Rh1+ Kg8 43. Kg2 Qc2 44. Qf5 Ra2 45. Qe6+ 1-0

[Event "9. Lichtenberger Sommer 2010"]
[Site "Berlin"]
[Date "2010.08.13"]
[Round "7.79"]
[White "Möller, Dirk"]
[Black "Fuchs, Jörg"]
[Result "0-1"]
[WhiteElo "1621"]
[BlackElo "1873"]
[PlyCount "75"]
[EventDate "2010.??.??"]
[WhiteTeam "SC Kreuzberg e.V."]
[BlackTeam "SC Kreuzberg e.V."]

1. e4 e5 2. Nf3 d6 3. Bc4 Be7 4. d4 exd4 5. Qxd4 Nf6 6. Nc3 O-O 7. Bg5 Nc6 8.
Qe3 Re8 9. O-O-O Bg4 10. h3 Bxf3 11. gxf3 Ne5 12. Qe2 a6 13. Bb3 b5 14. f4 Ng6
15. e5 Nd7 16. e6 fxe6 17. Bxe6+ Kh8 18. h4 Ndf8 19. f5 Bxg5+ 20. hxg5 Qxg5+
21. Kb1 Nf4 22. Qe4 N4xe6 23. fxe6 Qe5 24. Qc6 Qxe6 25. Qxc7 b4 26. Rdg1 Re7
27. Qc6 Rc8 28. Qxa6 bxc3 29. b3 Rce8 30. f4 d5 31. Qd3 Rd8 32. Qxc3 d4 33. Qa5
Qe4 34. Qd2 d3 35. c4 Qb7 36. Kb2 Re2 37. Kc3 Rxd2 38. Kxd2 0-1

[Event "9. Lichtenberger Sommer 2010"]
[Site "Berlin"]
[Date "2010.08.13"]
[Round "7.81"]
[White "Mako, Attila"]
[Black "Popp, Maximilian"]
[Result "0-1"]
[WhiteElo "1747"]
[BlackElo "1705"]
[PlyCount "74"]
[EventDate "2010.??.??"]
[WhiteTeam "BSC Rehberge 1945 e.V."]
[BlackTeam "Spvgg 1946 e.V. Stetten"]

1. d4 Nf6 2. Bf4 d6 3. e3 g6 4. Nf3 Bg7 5. Bd3 Nbd7 6. Nbd2 c5 7. c3 O-O 8. Rc1
Re8 9. dxc5 Nxc5 10. Bc2 b6 11. h3 Ba6 12. c4 Nh5 13. b3 Nxf4 14. exf4 e5 15.
fxe5 dxe5 16. Ne4 Qc7 17. O-O Bb7 18. Qe2 f5 19. Nxc5 Qxc5 20. b4 Qxb4 21. Bb3
Kh8 22. Rfd1 Qe7 23. Rd2 Bh6 24. Rcd1 Bxd2 25. Rxd2 e4 26. Nd4 Qg5 27. Rd1 Rad8
28. Qb2 Qf6 29. Qc3 Rd6 30. c5 bxc5 31. Qxc5 Red8 32. Qxa7 Bc8 33. Qa4 Rxd4 34.
Rxd4 Qxd4 35. Qc6 f4 36. Bf7 e3 37. f3 e2+ 0-1

[Event "9. Lichtenberger Sommer 2010"]
[Site "Berlin"]
[Date "2010.08.13"]
[Round "7.82"]
[White "Westphal, Julian"]
[Black "Kießling, Beate"]
[Result "0-1"]
[WhiteElo "1698"]
[BlackElo "1699"]
[PlyCount "58"]
[EventDate "2010.??.??"]
[WhiteTeam "TSG Oberschöneweide e.V."]
[BlackTeam "Queer-Springer SSV Berlin"]

1. d4 f5 2. Bf4 Nf6 3. Nd2 e6 4. e3 d5 5. Ngf3 Bd6 6. Bd3 Qe7 7. Qe2 Nbd7 8.
O-O a6 9. c3 Ne4 10. Bxd6 cxd6 11. c4 Nxd2 12. Qxd2 dxc4 13. Bxc4 b5 14. Bb3
Bb7 15. d5 e5 16. Rfe1 h6 17. Nd4 O-O 18. Ne6 Rfc8 19. e4 fxe4 20. Rxe4 Nf6 21.
Re3 Kh8 22. Rg3 Ne4 23. Qd3 Nxg3 24. hxg3 b4 25. Kh2 a5 26. Rh1 a4 27. Bc4 Qf7
28. Kg1 Kg8 29. f3 Ba6 0-1

[Event "9. Lichtenberger Sommer 2010"]
[Site "Berlin"]
[Date "2010.08.13"]
[Round "7.83"]
[White "Enis, Arpaci"]
[Black "Nopp, Josef"]
[Result "1-0"]
[WhiteElo "1400"]
[BlackElo "1775"]
[PlyCount "24"]
[EventDate "2010.??.??"]
[WhiteTeam "vereinslos"]
[BlackTeam "SV Urfahr"]

1. g3 g6 2. Bg2 Bg7 3. d4 d5 4. Nc3 c6 5. Bf4 Nf6 6. Nf3 Bg4 7. Qd2 Bxf3 8.
Bxf3 O-O 9. Bh6 Nbd7 10. h4 e5 11. h5 e4 12. Bg2 gxh5 1-0

[Event "9. Lichtenberger Sommer 2010"]
[Site "Berlin"]
[Date "2010.08.13"]
[Round "7.84"]
[White "Bensch, Wolfgang"]
[Black "Schönemann, Manfred"]
[Result "0-1"]
[WhiteElo "1694"]
[BlackElo "1811"]
[PlyCount "77"]
[EventDate "2010.??.??"]
[WhiteTeam "SC Eintracht Berlin e.V."]
[BlackTeam "SV Turbine Berlin e.V."]

1. e4 c5 2. Nc3 Nc6 3. Nf3 Nf6 4. d4 cxd4 5. Nxd4 e5 6. Nb3 Bb4 7. Qd3 Bxc3+ 8.
bxc3 O-O 9. Bg5 h6 10. Bh4 b6 11. Be2 Bb7 12. Bf3 g5 13. Bg3 Rc8 14. h3 Re8 15.
Rd1 Nb8 16. Bg4 Bxe4 17. Qe3 Bxg2 18. Rh2 Be4 19. f3 Bg6 20. Kf1 Qc7 21. h4
Qxc3 22. Qxc3 Rxc3 23. hxg5 Nxg4 24. fxg4 Rxg3 25. gxh6 Rxg4 26. Rdd2 Rg5 27.
Rde2 Rh5 28. Kg1 Kh7 29. Nd4 Kxh6 30. Rxh5+ Kxh5 31. Nb5 a5 32. Nd6 Re6 33. Nc4
e4 34. c3 Kg5 35. Kh2 f5 36. Rb2 e3 37. Kg2 Kf6 38. Re2 f4 39. Kg1 0-1

[Event "9. Lichtenberger Sommer 2010"]
[Site "Berlin"]
[Date "2010.08.13"]
[Round "7.85"]
[White "Kornijenko, Alexander"]
[Black "Engelhardt, Erhard"]
[Result "1-0"]
[WhiteElo "1366"]
[BlackElo "1799"]
[PlyCount "101"]
[EventDate "2010.??.??"]
[WhiteTeam "vereinslos"]
[BlackTeam "SSV Rotation Berlin e.V."]

1. e4 e6 2. d4 d5 3. Nc3 Bb4 4. e5 c5 5. a3 Bxc3+ 6. bxc3 Qc7 7. Nf3 Nc6 8. Be3
c4 9. Be2 Bd7 10. O-O Nge7 11. Qd2 Nf5 12. Bf4 Qd8 13. Rfb1 b6 14. Ne1 O-O 15.
Bg4 Nce7 16. Bg5 Qe8 17. Qe2 h6 18. Bd2 Kh7 19. Qf3 Nh4 20. Qh3 Nhg6 21. Nf3
Rh8 22. Re1 Kg8 23. Qg3 Nf8 24. Nh4 Neg6 25. Nxg6 Nxg6 26. Re3 Qe7 27. Rf3 h5
28. Bh3 Ba4 29. Bg5 Qe8 30. Rc1 Rh7 31. Re3 Nf8 32. Bf6 Kh8 33. Bg5 Nd7 34. f4
g6 35. Rf3 Qg8 36. Qh4 Qe8 37. Rcf1 Bxc2 38. R1f2 Bf5 39. Bxf5 exf5 40. Re2 Qe6
41. Rfe3 Kg7 42. Bf6+ Kf8 43. Kf2 Re8 44. Qg5 Kg8 45. h3 h4 46. g4 fxg4 47.
hxg4 Qc6 48. e6 Nxf6 49. exf7+ Kxf7 50. Rxe8 Ne4+ 51. R2xe4 1-0

[Event "9. Lichtenberger Sommer 2010"]
[Site "Berlin"]
[Date "2010.08.13"]
[Round "7.86"]
[White "Laurin, Dirk"]
[Black "Prix, Siegfried"]
[Result "0-1"]
[WhiteElo "1339"]
[BlackElo "1781"]
[PlyCount "96"]
[EventDate "2010.??.??"]
[WhiteTeam "SG Narva Berlin e.V."]
[BlackTeam "Sfrd. Berlin 1903 e.V."]

1. e4 d5 2. exd5 Qxd5 3. Nc3 Qa5 4. Nf3 Bg4 5. Be2 Nf6 6. O-O Nc6 7. d3 e6 8.
Bd2 Bb4 9. a3 Be7 10. b4 Qh5 11. b5 Nb8 12. h3 Bxh3 13. Ng5 Bg4 14. Bxg4 Nxg4
15. Nh3 Qf5 16. Ne4 Nf6 17. Ng3 Qxb5 18. c4 Qc6 19. Bb4 Nbd7 20. Bxe7 Kxe7 21.
Re1 Kf8 22. Ne4 Nxe4 23. Rxe4 Nf6 24. Re3 Rd8 25. Qe2 Rd4 26. Rf3 Qd6 27. Ng5
Ke7 28. Ne4 Nxe4 29. dxe4 Rd2 30. Qe3 Rd1+ 31. Rxd1 Qxd1+ 32. Kh2 Qd6+ 33. e5
Qc6 34. Qg5+ Kd7 35. Qxg7 Re8 36. Qxf7+ Kc8 37. Qf4 Qd7 38. Qe4 Rd8 39. Rb3 c6
40. Qe3 b6 41. a4 Qd4 42. Qe2 Kc7 43. Rf3 Rd7 44. g3 Qg4 45. Kg2 h5 46. Qe3
Qxc4 47. Rf4 Qd5+ 48. Kh3 Qh1# 0-1

[Event "9. Lichtenberger Sommer 2010"]
[Site "Berlin"]
[Date "2010.08.13"]
[Round "7.87"]
[White "Ollek, Karl-Heinz"]
[Black "Berg, Gerd"]
[Result "1/2-1/2"]
[WhiteElo "1838"]
[BlackElo "1677"]
[PlyCount "86"]
[EventDate "2010.??.??"]
[WhiteTeam "SC Friesen Lichtenberg e.V."]
[BlackTeam "SK König Tegel 1949 e.V."]

1. e4 c5 2. c3 Qa5 3. Nf3 d6 4. Na3 Bd7 5. d3 b5 6. Bd2 Qc7 7. Nc2 g6 8. Be2
Bg7 9. O-O Bc6 10. d4 cxd4 11. Nfxd4 Qb7 12. f3 Nd7 13. Kh1 a5 14. Nxc6 Qxc6
15. Nd4 Bxd4 16. cxd4 Qb6 17. Qb3 Rb8 18. Rac1 e6 19. Be3 Ne7 20. d5 Nc5 21.
Bxc5 dxc5 22. Qc3 O-O 23. Qxc5 Qxc5 24. Rxc5 Rfc8 25. Rfc1 exd5 26. Rxc8+ Rxc8
27. Rxc8+ Nxc8 28. Bxb5 dxe4 29. fxe4 Nd6 30. Bd3 f6 31. g4 g5 32. Kg2 h6 33.
Kf3 Kf7 34. Ke3 Ke7 35. Kd4 Nf7 36. h3 Kd6 37. a3 Ne5 38. Bb5 Nf3+ 39. Ke3 Ne5
40. b4 axb4 41. axb4 Kc7 42. Kd4 Kd6 43. Be2 Nc6+ 1/2-1/2

[Event "9. Lichtenberger Sommer 2010"]
[Site "Berlin"]
[Date "2010.08.13"]
[Round "7.88"]
[White "Meinicke, Kurt"]
[Black "Yilmaz, Rahmi"]
[Result "0-1"]
[WhiteElo "1120"]
[BlackElo "1556"]
[PlyCount "108"]
[EventDate "2010.??.??"]
[WhiteTeam "vereinslos"]
[BlackTeam "BSC Rehberge 1945 e.V."]

1. d4 Nf6 2. c4 g6 3. Nf3 Bg7 4. Nc3 e6 5. e4 d6 6. Bg5 h6 7. Bh4 g5 8. Bg3 Nh5
9. Qc2 Nxg3 10. hxg3 Nc6 11. O-O-O Bd7 12. Be2 e5 13. d5 a6 14. dxc6 bxc6 15.
Rh5 Bg4 16. Rhh1 O-O 17. Nh2 Be6 18. g4 Qf6 19. Bf3 Rfb8 20. Nf1 Bxc4 21. Ne3
Be6 22. Nf5 Rb4 23. Qd2 Bc4 24. Qe1 a5 25. Be2 Be6 26. a3 Rb3 27. Rh3 Rab8 28.
Rd2 Bf8 29. Bd1 R3b7 30. Bc2 Rxb2 31. Bb3 R2xb3 32. Qh1 Bxf5 33. gxf5 Rxa3 34.
Rb2 Ra1+ 35. Nb1 Rxb2 36. Kxb2 Ra4 37. Rb3 Rb4 38. Qd1 d5 39. Rxb4 Bxb4 40. g4
d4 41. Qc2 c5 42. Na3 Bxa3+ 43. Kxa3 Qb6 44. Ka2 Qb4 45. f3 a4 46. Qh2 a3 47.
f6 c4 48. f4 c3 49. Ka1 Qb2+ 50. Qxb2 cxb2+ 51. Kb1 d3 52. fxe5 d2 53. e6 d1=Q+
54. Ka2 b1=Q+ 0-1

[Event "9. Lichtenberger Sommer 2010"]
[Site "Berlin"]
[Date "2010.08.13"]
[Round "7.89"]
[White "Metin, Altug"]
[Black "Paris, Gerhard"]
[Result "1-0"]
[WhiteElo "1748"]
[BlackElo "1654"]
[PlyCount "145"]
[EventDate "2010.??.??"]
[WhiteTeam "vereinslos"]
[BlackTeam "TSG Oberschöneweide e.V."]

1. e4 e5 2. d4 Nc6 3. d5 Nce7 4. Nf3 Ng6 5. Be3 Nf6 6. Nc3 b6 7. a3 a5 8. h3
Bc5 9. Bxc5 bxc5 10. Qd2 h6 11. O-O-O O-O 12. g4 Nh7 13. d6 Qf6 14. Ne1 c6 15.
Qe3 Qf4 16. Na4 Ba6 17. Nb6 Bxf1 18. Nxa8 Bb5 19. Nb6 Nf6 20. Nd3 Qxe3+ 21.
fxe3 Rb8 22. c4 Rxb6 23. cxb5 Rxb5 24. a4 Rb6 25. Nxc5 Rb4 26. Rh2 Nh4 27. Rc2
Nf3 28. Rc3 Ng5 29. Kc2 Ngxe4 30. Nxe4 Rxe4 31. b3 Nd5 32. Rxd5 cxd5 33. Rc8+
Kh7 34. Rc7 d4 35. exd4 Rxd4 36. Rxd7 e4 37. Kc3 Rd3+ 38. Kc4 Rd1 39. Kc5 e3
40. Re7 Rc1+ 41. Kb5 Rd1 42. Kc6 Rc1+ 43. Kb6 Rc3 44. Kxa5 Rxb3 45. d7 Rd3 46.
Kb4 e2 47. a5 Rd1 48. a6 Rd4+ 49. Kc5 Rd1 50. Kc6 Rc1+ 51. Kb5 Rb1+ 52. Kc6
Rc1+ 53. Kb7 Rb1+ 54. Ka8 Rd1 55. a7 Kg6 56. Rxe2 Rxd7 57. Kb8 Kg5 58. a8=Q
Rd8+ 59. Kb7 Rxa8 60. Kxa8 Kh4 61. Re3 f6 62. Kb7 h5 63. gxh5 Kxh5 64. Kc6 g5
65. Kd5 f5 66. Ke5 f4 67. Rf3 Kh4 68. Kf5 Kh5 69. Rd3 Kh4 70. Rc3 Kh5 71. Rc1
Kh4 72. Rh1 Kg3 73. Kxg5 1-0

[Event "9. Lichtenberger Sommer 2010"]
[Site "Berlin"]
[Date "2010.08.13"]
[Round "7.90"]
[White "Rudolph, Stephanie"]
[Black "Bauer, Stefan"]
[Result "1-0"]
[WhiteElo "1890"]
[BlackElo "1684"]
[PlyCount "67"]
[EventDate "2010.??.??"]
[WhiteTeam "SC Friesen Lichtenberg e.V."]
[BlackTeam "SC Kreuzberg e.V."]

1. d4 Nf6 2. c4 e6 3. Nf3 c5 4. d5 exd5 5. cxd5 d6 6. Nc3 a6 7. a3 b5 8. e4
Nbd7 9. g3 g6 10. Qc2 Bg7 11. Bg2 Bb7 12. O-O O-O 13. Bf4 Qb6 14. Rfe1 Nh5 15.
Be3 Rac8 16. Qd2 Rfe8 17. Rac1 Ne5 18. Nxe5 Bxe5 19. b4 Qd8 20. bxc5 dxc5 21.
f4 Bb8 22. Bh3 Rc7 23. d6 Rc6 24. e5 Ng7 25. Bg2 Nf5 26. Bxc6 Bxc6 27. Bxc5 h5
28. Nd5 Kg7 29. Bb6 Qc8 30. Nf6 Rh8 31. d7 Qb7 32. d8=Q Ba7 33. Qxh8+ Kxh8 34.
Qd8+ 1-0

[Event "9. Lichtenberger Sommer 2010"]
[Site "Berlin"]
[Date "2010.08.13"]
[Round "7.91"]
[White "Mitschke, Ullrich"]
[Black "Alvarez, Luis"]
[Result "0-1"]
[WhiteElo "1429"]
[BlackElo "1879"]
[PlyCount "72"]
[EventDate "2010.??.??"]
[WhiteTeam "Queer-Springer SSV Berlin"]
[BlackTeam "Schachclub Zug um Zug Everswinke"]

1. c4 e6 2. g3 c6 3. Bg2 d5 4. b3 Be7 5. Bb2 Bf6 6. Qc2 Qb6 7. Nf3 dxc4 8. Bxf6
Nxf6 9. Qxc4 Nbd7 10. O-O O-O 11. d4 c5 12. e3 cxd4 13. Nxd4 a6 14. Nc3 Ne5 15.
Qe2 Bd7 16. Rfc1 Rac8 17. Ne4 Nd5 18. h4 h6 19. g4 f5 20. gxf5 exf5 21. Nd2 Nc3
22. Qf1 Qf6 23. f4 Ng4 24. Qe1 Rfe8 25. Nf1 Ne4 26. Rxc8 Rxc8 27. Bxe4 fxe4 28.
Nh2 Qg6 29. Qg3 h5 30. Rd1 Qf7 31. Kg2 Rc3 32. Nxg4 Bxg4 33. Re1 Qd5 34. Qf2
Qa5 35. Kg3 Qc5 36. Qb2 Qxd4 0-1

[Event "9. Lichtenberger Sommer 2010"]
[Site "Berlin"]
[Date "2010.08.13"]
[Round "7.92"]
[White "Radßat, Rene"]
[Black "Schmitt, Jens-Ole"]
[Result "1-0"]
[WhiteElo "1600"]
[BlackElo "1339"]
[PlyCount "61"]
[EventDate "2010.??.??"]
[WhiteTeam "SV Bad Schwartau von 1930"]
[BlackTeam "SG Narva Berlin e.V."]

1. Nc3 c5 2. e4 Nc6 3. d3 d6 4. g3 g6 5. Bg2 Bg7 6. f4 Nf6 7. Nf3 O-O 8. O-O
Rb8 9. a4 Qb6 10. Kh1 Bg4 11. h3 Be6 12. g4 Rfd8 13. Qe1 c4 14. f5 Bd7 15. dxc4
Rbc8 16. e5 dxe5 17. fxg6 hxg6 18. Nxe5 Nxe5 19. Qxe5 Nxg4 20. Qxe7 Nf2+ 21.
Kh2 Bf8 22. Qh4 Bd6+ 23. Bf4 Rxc4 24. Rxf2 Rxf4 25. Rxf4 Bxf4+ 26. Qxf4 Qxb2
27. Rf1 Qxc3 28. Qxf7+ Kh8 29. Qxg6 Bxa4 30. Qh6+ Kg8 31. Qg5+ 1-0

[Event "9. Lichtenberger Sommer 2010"]
[Site "Berlin"]
[Date "2010.08.13"]
[Round "7.93"]
[White "Brylski, Nils"]
[Black "Junghänel, Dieter"]
[Result "1-0"]
[WhiteElo "1396"]
[BlackElo "1714"]
[PlyCount "69"]
[EventDate "2010.??.??"]
[WhiteTeam "Peiner SV"]
[BlackTeam "SV Motor Wildau e.V."]

1. d4 Nf6 2. c4 c6 3. Nc3 g6 4. e4 d6 5. Nf3 Bg4 6. Be2 Bxf3 7. Bxf3 Bg7 8. O-O
O-O 9. Be3 Re8 10. Qc2 Qc7 11. Rad1 Nfd7 12. d5 Ne5 13. Be2 f6 14. dxc6 bxc6
15. a3 Nbd7 16. b4 Nf7 17. b5 Reb8 18. bxc6 Qxc6 19. Nd5 Re8 20. Bf3 Nfe5 21.
Be2 a5 22. c5 Kh8 23. Rc1 Nf7 24. Nb6 Nxb6 25. cxb6 Qxc2 26. Rxc2 Bh6 27. Bxh6
Nxh6 28. b7 Rab8 29. Ba6 Ng8 30. Rfc1 e6 31. Rc8 Ne7 32. Rxb8 Rxb8 33. Rc7 Re8
34. Rxe7 Rb8 35. Rc7 1-0

[Event "9. Lichtenberger Sommer 2010"]
[Site "Berlin"]
[Date "2010.08.13"]
[Round "7.94"]
[White "Schneider, Eckehard"]
[Black "Kaufmann, Mathias"]
[Result "1-0"]
[WhiteElo "1762"]
[BlackElo "1569"]
[PlyCount "75"]
[EventDate "2010.??.??"]
[WhiteTeam "Sfrd. Berlin 1903 e.V."]
[BlackTeam "vereinslos"]

1. e4 c5 2. c3 Nc6 3. d4 e6 4. Nf3 cxd4 5. cxd4 Bb4+ 6. Nc3 Nge7 7. Bd3 O-O 8.
O-O f6 9. a3 Ba5 10. d5 exd5 11. exd5 Nb8 12. b4 Bb6 13. d6 Ng6 14. Nd5 Na6 15.
a4 Re8 16. a5 Bc7 17. dxc7 Nxc7 18. Bc4 Ne6 19. Re1 d6 20. Bb2 Kh8 21. Nd4 Bd7
22. Qh5 Ngf4 23. Nxf4 Nxf4 24. Qf3 Ng6 25. Qg3 Rc8 26. Bd5 Bc6 27. Nxc6 bxc6
28. Be4 Qe7 29. f3 Qf7 30. Qxd6 Re6 31. Qc5 Rce8 32. Kf2 Nf4 33. Rad1 R6e7 34.
Qf5 Ng6 35. Bxc6 Nh4 36. Qd3 Rb8 37. Qd6 Nf5 38. Qxb8+ 1-0